Quelle mer ? - Statistiques

Statistiques générales
  • Ce quiz a été pris 47 fois
    19 depuis la dernière actualisation
  • Le résultat moyen est 5 sur 12
Statistiques - réponses
Hint Réponse % Correct
Se situe entre l'Italie et les Balkans ? Adriatique
95%
Se situe juste à l'ouest du Caucase, et est en réalité un lac ? Caspienne
95%
Porte également le nom d'une couleur et est située juste au Sud du Canal de Suez ? Rouge
95%
Est ceinte à la fois par l'Europe, l'Afrique et l'Asie ? Méditerranée
89%
Porte le nom d'une couleur et est située entre la Chine et la Péninsule Coréenne ? Jaune
79%
Se situe en la mer Noire et la mer Méditerranée ? De Marmara
11%
Est la seule au monde à n'avoir aucune côte (exceptée les Bermudes) ? Des Sargasses
11%
Porte le nom d'une race de chien est est située entre le Canada et le Groënland ? Du Labrador
11%
Se situe juste au sud du détroit de Béring (détroit séparant les USA de la Russie) ? De Béring
5%
Porte le nom d'un golfe situé entre la Suède et la Finlande ? De Botnie
5%
Se situe à l'ouest de la péninsule d'Indochine et au nord de la Malaisie ? De Chine méridionale
5%
Se situe entre l'Islande et le Groënland ? D'Irminger
0%
Aucun quiz correspondant
Distribution des résultats
% des personnes avec chaque résultat
Percentile par nombre de réponses
Votre historique - résultats
Vous n’avez pas pris ce quiz depuis la dernière actualisation